[Event "aut_ychb14 Deutschlandsberg"]
[Site "Deutschlandsberg, Laßnitzhaus"]
[Date "2006.??.??"]
[Round "6.2"]
[White "Schreiner, Peter"]
[Black "Kozomara, David"]
[Result "1-0"]
[WhiteElo "1878"]
[BlackElo "1715"]
[PlyCount "97"]
[EventDate "2006.06.03"]

1. e4 c5 2. c3 Nc6 3. d4 e6 4. Nf3 cxd4 5. cxd4 d5 6. e5 Bd7 7. Nc3 a6 8. Bd3
b5 9. O-O Nge7 10. Bg5 Qc7 11. Bxb5 h6 12. Be3 Nf5 13. Bd3 Nxe3 14. fxe3 Nb4
15. Rc1 Qb7 16. Bb1 Be7 17. Rf2 Rb8 18. a3 Nc6 19. Qd3 Na5 20. Rcf1 Bb5 21.
Nxb5 Qxb5 22. b4 Nc6 23. Nd2 Qxd3 24. Bxd3 O-O 25. Bxa6 Bg5 26. Re2 Rb6 27. Bd3
Ra8 28. Nb1 g6 29. Kf2 Kg7 30. Rc2 Rf8 31. Ke2 f6 32. b5 Ne7 33. exf6+ Bxf6 34.
a4 Ra8 35. Ra2 e5 36. dxe5 Bxe5 37. a5 Rbb8 38. Nd2 Bxh2 39. Nf3 Bd6 40. Rb1
Bc5 41. Nd4 Kf6 42. Rf1+ Ke5 43. Rf7 Re8 44. Nb3 Bb6 45. Ra1 Bd8 46. b6 Rb8 47.
Bb5 Rh8 48. Nc5 Kd6 49. Nd7 1-0

[Event "aut_ychb14 Deutschlandsberg"]
[Site "Deutschlandsberg, Laßnitzhaus"]
[Date "2006.??.??"]
[Round "6.3"]
[White "Stagl, Marco"]
[Black "Halvax, Georg"]
[Result "1/2-1/2"]
[WhiteElo "1581"]
[BlackElo "1883"]
[PlyCount "57"]
[EventDate "2006.06.03"]

1. d4 d5 2. g3 e6 3. Bg2 Nf6 4. Nf3 Nc6 5. O-O Be7 6. c4 O-O 7. Qc2 Nb4 8. Qc3
Ne4 9. Qb3 b6 10. a3 Na6 11. Nc3 Nxc3 12. bxc3 c6 13. Ne5 Bb7 14. Re1 Rc8 15.
cxd5 cxd5 16. e4 Nc7 17. Bd2 Bd6 18. Nd3 Ba6 19. Nb4 Bc4 20. Qb1 Bxb4 21. axb4
Nb5 22. exd5 Bxd5 23. Bxd5 Qxd5 24. Qd3 Qc4 25. Qxc4 Rxc4 26. Re5 Nxc3 27. Bxc3
Rxc3 28. Rxa7 Rb8 29. d5 1/2-1/2

[Event "aut_ychb14 Deutschlandsberg"]
[Site "Deutschlandsberg, Laßnitzhaus"]
[Date "2006.??.??"]
[Round "6.4"]
[White "Peschek, Marcel"]
[Black "Lumetzberger, Dominik"]
[Result "1/2-1/2"]
[WhiteElo "1549"]
[BlackElo "1673"]
[PlyCount "91"]
[EventDate "2006.06.03"]

1. e4 c5 2. Nf3 d6 3. d4 cxd4 4. Nxd4 Nf6 5. Nc3 g6 6. Be2 Bg7 7. Be3 O-O 8.
O-O Nc6 9. Qd2 Bg4 10. h3 Bd7 11. Nf3 Rc8 12. Bh6 Qb6 13. Bxg7 Kxg7 14. Rab1
Be6 15. a3 Na5 16. e5 dxe5 17. Nxe5 Rfd8 18. Nd3 Nc4 19. Qc1 Qa5 20. Rd1 Nxb2
21. Qxb2 Qxc3 22. Qxc3 Rxc3 23. Rxb7 Rxc2 24. Kf1 Rd7 25. Rxd7 Nxd7 26. Nb4 Rc3
27. Rd3 Rxd3 28. Bxd3 Ne5 29. Ke2 a5 30. Nc2 Kf6 31. Ke3 Bd5 32. Be4 Ke6 33.
Kd4 Bxe4 34. Kxe4 Kd6 35. Kd4 f6 36. Ne3 e6 37. f4 Nc6+ 38. Kc4 e5 39. fxe5+
fxe5 40. Ng4 Ke6 41. Kb5 h5 42. Ne3 Kd6 43. Nc4+ Kd5 44. Nb6+ Kd6 45. Nc4+ Kd7
46. Nb6+ 1/2-1/2

[Event "aut_ychb14 Deutschlandsberg"]
[Site "Deutschlandsberg, Laßnitzhaus"]
[Date "2006.??.??"]
[Round "6.5"]
[White "Binder, Michael"]
[Black "Widhalm, Florian"]
[Result "1-0"]
[WhiteElo "1818"]
[BlackElo "1787"]
[PlyCount "79"]
[EventDate "2006.06.03"]

1. e4 c5 2. Nf3 e6 3. d4 cxd4 4. Nxd4 Nf6 5. Nc3 a6 6. Bd3 Nc6 7. Nxc6 bxc6 8.
O-O Be7 9. f4 O-O 10. Kh1 d5 11. e5 Nd7 12. Bd2 Bb7 13. Na4 Nb6 14. Nxb6 Qxb6
15. b3 Rac8 16. c3 c5 17. Qh5 g6 18. Qh6 Rc7 19. f5 exf5 20. Rxf5 f6 21. exf6
Rxf6 22. Rxf6 Qxf6 23. Rf1 Qg7 24. Qh3 Bf6 25. Qe6+ Rf7 26. Bxa6 Bxa6 27. Qxa6
d4 28. cxd4 Bxd4 29. Qc8+ Rf8 30. Qxf8+ Qxf8 31. Rxf8+ Kxf8 32. g4 Ke7 33. Kg2
Ke6 34. Kf3 Kd5 35. h3 Be5 36. Ke3 Bc7 37. Kd3 h5 38. g5 Be5 39. a4 Bc7 40. a5
1-0

[Event "aut_ychb14 Deutschlandsberg"]
[Site "Deutschlandsberg, Laßnitzhaus"]
[Date "2006.??.??"]
[Round "6.6"]
[White "Schnegg, Daniel"]
[Black "Ammann, Stephan"]
[Result "1-0"]
[WhiteElo "1816"]
[BlackElo "1370"]
[PlyCount "115"]
[EventDate "2006.06.03"]

1. f4 d5 2. b3 Bf5 3. Bb2 Nf6 4. e3 e6 5. Nf3 Bd6 6. Nc3 O-O 7. Be2 a6 8. O-O
Nc6 9. Nh4 Ne4 10. Nxf5 exf5 11. Nxd5 Bc5 12. c4 Nb4 13. Nxb4 Bxb4 14. d3 Nc3
15. Bxc3 Bxc3 16. Rc1 Ba5 17. a3 Qe7 18. Rf3 Bb6 19. d4 Rad8 20. c5 Ba7 21. Qc2
Qf6 22. a4 Rfe8 23. c6 Qxc6 24. Qxc6 bxc6 25. Rxc6 Bxd4 26. exd4 Rxe2 27. Rxc7
Rd2 28. Rc6 R2xd4 29. Rxa6 Rb4 30. Rc6 g6 31. Rcc3 Rdd4 32. Rcd3 Rxd3 33. Rxd3
Rxf4 34. a5 Re4 35. a6 Re1+ 36. Kf2 Ra1 37. Rd6 Kf8 38. b4 Ke7 39. Rb6 Kd7 40.
b5 Ra5 41. Ke3 Kc7 42. Rc6+ Kd7 43. Rb6 Kc7 44. Rb7+ Kd6 45. a7 Kc5 46. b6 f4+
47. Kxf4 g5+ 48. Kg4 Ra2 49. Rb8 Rxg2+ 50. Kh3 Ra2 51. a8=Q Rxa8 52. Rxa8 Kxb6
53. Rh8 Kc5 54. Rxh7 f5 55. Rf7 g4+ 56. Kg3 f4+ 57. Kxg4 f3 58. Kxf3 1-0

[Event "aut_ychb14 Deutschlandsberg"]
[Site "Deutschlandsberg, Laßnitzhaus"]
[Date "2006.??.??"]
[Round "6.7"]
[White "Hofer, Christian"]
[Black "Riemelmoser, Stefan"]
[Result "1/2-1/2"]
[WhiteElo "1695"]
[BlackElo "1581"]
[PlyCount "54"]
[EventDate "2006.06.03"]

1. Nf3 d5 2. d4 e6 3. Bg5 Be7 4. Bxe7 Qxe7 5. c3 Nf6 6. e3 O-O 7. Bd3 b6 8. Qe2
c5 9. O-O Nc6 10. Nbd2 e5 11. Bb5 Bd7 12. Bxc6 Bxc6 13. Nxe5 Bb7 14. Rfe1 Rac8
15. Ndf3 Ne4 16. Nd2 f6 17. Nef3 Nxd2 18. Qxd2 Qd7 19. Rad1 Rfd8 20. dxc5 bxc5
21. e4 Qg4 22. h3 Qg6 23. Nh2 h5 24. Qe3 Re8 25. Qg3 Qxg3 26. fxg3 dxe4 27. Rd7
Ba8 1/2-1/2

[Event "aut_ychb14 Deutschlandsberg"]
[Site "Deutschlandsberg, Laßnitzhaus"]
[Date "2006.??.??"]
[Round "6.8"]
[White "Mrakotsky, Mario"]
[Black "Dimitriadis, Philipp"]
[Result "0-1"]
[WhiteElo "1485"]
[BlackElo "1646"]
[PlyCount "70"]
[EventDate "2006.06.03"]

1. e4 e5 2. Nf3 Nc6 3. d4 exd4 4. Nxd4 Bc5 5. Be3 Qf6 6. c3 Nge7 7. Bc4 d6 8.
O-O Ne5 9. Bb3 O-O 10. Qd2 h6 11. Qc1 Qg6 12. f3 Bh3 13. Qc2 Bd7 14. Kh1 Qh5
15. Nd2 a5 16. a3 Kh8 17. Nc4 b5 18. Nxe5 dxe5 19. Nf5 Nxf5 20. Bxc5 Ng3+ 21.
Kg1 Nxf1 22. Rxf1 Rfd8 23. Bd5 c6 24. Ba2 Qg6 25. Rd1 Be6 26. Bb1 a4 27. Re1
Bb3 28. Qc1 Rd7 29. Bb6 Rb8 30. Ba5 Ra7 31. Bb4 Rd8 32. Bc2 Bxc2 33. Qxc2 Rad7
34. Ba5 Rd2 35. Qc1 Qxg2# 0-1

[Event "aut_ychb14 Deutschlandsberg"]
[Site "Deutschlandsberg, Laßnitzhaus"]
[Date "2006.??.??"]
[Round "6.9"]
[White "Singer, Gerald"]
[Black "Wertjanz, Daniel"]
[Result "1-0"]
[WhiteElo "1669"]
[BlackElo "1625"]
[PlyCount "73"]
[EventDate "2006.06.03"]

1. d4 d5 2. c4 e6 3. Nf3 Nf6 4. Bg5 Be7 5. e3 O-O 6. Be2 b6 7. O-O Bb7 8. Nc3
dxc4 9. Bxc4 Ne4 10. Bxe7 Qxe7 11. Nxe4 Bxe4 12. Bd3 Bxd3 13. Qxd3 Nd7 14. Rac1
c5 15. Rfd1 Rfd8 16. a3 h6 17. h3 Rac8 18. Qe2 Nf6 19. Rc2 Ne4 20. Rdc1 Rd5 21.
Nd2 Nxd2 22. Rxd2 Rc7 23. Rdc2 e5 24. dxc5 Rcxc5 25. b4 Rxc2 26. Qxc2 Qd6 27.
Qc8+ Kh7 28. Qc2+ g6 29. Qc7 Qd7 30. Qb8 a5 31. Rc7 Qe6 32. Qf8 g5 33. Rxf7+
Kg6 34. Rg7+ Kh5 35. Qf3+ g4 36. hxg4+ Qxg4 37. Qxg4# 1-0

[Event "aut_ychb14 Deutschlandsberg"]
[Site "Deutschlandsberg, Laßnitzhaus"]
[Date "2006.??.??"]
[Round "6.10"]
[White "Gerhold, Christoph"]
[Black "Banczi, Thomas"]
[Result "1-0"]
[WhiteElo "1634"]
[BlackElo "1415"]
[PlyCount "79"]
[EventDate "2006.06.03"]

1. d4 Nf6 2. Nf3 b6 3. c4 Bb7 4. d5 e6 5. Nc3 Bb4 6. dxe6 fxe6 7. Bd2 Nc6 8. g3
Nd4 9. Bg2 Nxf3+ 10. Bxf3 Bxf3 11. exf3 O-O 12. O-O d5 13. cxd5 Nxd5 14. Qe2
Re8 15. Rac1 Nxc3 16. Bxc3 Bxc3 17. Rxc3 Qe7 18. Re1 Rad8 19. f4 Rd7 20. Re3
Qf7 21. Re5 Red8 22. Rxe6 Kf8 23. Qb5 Rd1 24. Qb4+ c5 25. Qe4 Rxe1+ 26. Qxe1
Re8 27. Rxe8+ Qxe8 28. Qxe8+ Kxe8 29. Kf1 Ke7 30. Ke2 Ke6 31. Kd3 Kd5 32. f3
c4+ 33. Kc3 a5 34. a4 Kc5 35. g4 Kd5 36. f5 h6 37. h4 Ke5 38. Kxc4 Kf4 39. Kb5
Kxf3 40. g5 1-0

[Event "aut_ychg12 Deutschlandsberg"]
[Site "Deutschlandsberg, Laßnitzhaus"]
[Date "2006.??.??"]
[Round "6.1"]
[White "Plessl, Ursula"]
[Black "Froewis, Annika"]
[Result "0-1"]
[WhiteElo "1200"]
[BlackElo "1720"]
[PlyCount "28"]
[EventDate "2006.06.03"]

1. e4 e5 2. Nf3 Nc6 3. Bc4 Bc5 4. O-O d6 5. d3 Bg4 6. h3 Bh5 7. Nc3 Nd4 8. g4
Bg6 9. Nxd4 Bxd4 10. h4 Qxh4 11. Be3 h5 12. Bxd4 hxg4 13. Bb5+ Kd8 14. f3 Qh2#
0-1

[Event "aut_ychg12 Deutschlandsberg"]
[Site "Deutschlandsberg, Laßnitzhaus"]
[Date "2006.??.??"]
[Round "6.2"]
[White "Tarmastin, Laura"]
[Black "Kessler, Michaela"]
[Result "0-1"]
[WhiteElo "1477"]
[BlackElo "1523"]
[PlyCount "56"]
[EventDate "2006.06.03"]

1. e4 e5 2. Nf3 Nc6 3. Bc4 Bc5 4. d3 d6 5. Be3 Bb6 6. Nc3 Nf6 7. Qd2 Be6 8. Bb3
Qd7 9. d4 exd4 10. Nxd4 Ne5 11. f4 Nc4 12. Bxc4 Bxc4 13. Nf5 O-O 14. Bxb6 axb6
15. Qd4 Be6 16. Ng3 Rfe8 17. O-O c5 18. Qf2 Qc6 19. Rfe1 b5 20. e5 dxe5 21.
fxe5 Nd5 22. Nxd5 Bxd5 23. a3 Re6 24. Re3 Rae8 25. Rae1 Qc7 26. Qf4 f6 27. Nh5
fxe5 28. Rxe5 Rxe5 0-1

[Event "aut_ychg12 Deutschlandsberg"]
[Site "Deutschlandsberg, Laßnitzhaus"]
[Date "2006.??.??"]
[Round "6.3"]
[White "Bauer, Valentina"]
[Black "Wilfling, Sandra"]
[Result "1/2-1/2"]
[WhiteElo "1389"]
[BlackElo "1409"]
[PlyCount "124"]
[EventDate "2006.06.03"]

1. e4 c5 2. Nf3 Nc6 3. c3 Nf6 4. d4 cxd4 5. Nxd4 d6 6. Bd3 a6 7. O-O g6 8. Bg5
Bg7 9. Re1 O-O 10. Nd2 Bd7 11. h3 Rc8 12. a3 Ne8 13. N2f3 Nf6 14. Qd2 Re8 15.
b4 Qc7 16. Rac1 a5 17. Bb5 d5 18. Bxf6 Bxf6 19. exd5 Nxd4 20. cxd4 Qd6 21. Bxd7
Qxd7 22. Rc5 b6 23. Rxc8 Rxc8 24. bxa5 Qxd5 25. axb6 Qb3 26. Qb4 Qxb4 27. axb4
Rb8 28. Rb1 Rxb6 29. b5 Kf8 30. Kf1 Ke8 31. Ke2 Kd7 32. Ne5+ Ke6 33. Nc4 Rb7
34. Kd3 Bh4 35. b6 Kd7 36. Ra1 Rb8 37. g3 Bf6 38. f4 e6 39. Ra7+ Ke8 40. b7 Kd7
41. Na5 Kc7 42. Ra8 Bg7 43. Kc4 Bf6 44. d5 exd5+ 45. Kxd5 Bc3 46. Rxb8 Kxb8 47.
Nc6+ Kxb7 48. Nd8+ Kc7 49. Nxf7 Be1 50. g4 Kd7 51. Ng5 h6 52. Nf7 h5 53. g5 Bc3
54. Ne5+ Bxe5 55. Kxe5 Ke7 56. f5 gxf5 57. Kxf5 Kf7 58. h4 Kg7 59. g6 Kh6 60.
g7 Kxg7 61. Kg5 Kh7 62. Kxh5 Kh8 1/2-1/2

[Event "aut_ychg12 Deutschlandsberg"]
[Site "Deutschlandsberg, Laßnitzhaus"]
[Date "2006.??.??"]
[Round "6.4"]
[White "Monadjem, Mina"]
[Black "Krivda, Manuela"]
[Result "0-1"]
[WhiteElo "1301"]
[BlackElo "1398"]
[PlyCount "90"]
[EventDate "2006.06.03"]

1. e4 c5 2. Nf3 d6 3. Bc4 Nc6 4. O-O g6 5. Nc3 Nf6 6. d3 Bg7 7. h3 O-O 8. Be3
Nd7 9. Qd2 Nb6 10. Bb3 Nd4 11. Bxd4 cxd4 12. Nd5 e6 13. Nxb6 Qxb6 14. Rfe1 e5
15. Rab1 Qc7 16. c3 dxc3 17. bxc3 Bd7 18. Rec1 Bc6 19. Bd5 Bxd5 20. exd5 b6 21.
Qe2 Rfe8 22. d4 exd4 23. Qc2 dxc3 24. Nd2 Qb7 25. Ne4 Qxd5 26. Nxc3 Bxc3 27.
Qxc3 Qxa2 28. Rb2 Qe6 29. Rbb1 Qe5 30. Qxe5 dxe5 31. Re1 f6 32. g3 Kf7 33. f4
exf4 34. Rxe8 Rxe8 35. gxf4 Re3 36. Kg2 h6 37. Rf1 f5 38. Ra1 a5 39. Rb1 Re6
40. Rb5 Kf6 41. Kg3 g5 42. h4 gxf4+ 43. Kxf4 Kg6 44. Rxf5 Rf6 45. Rxf6+ Kxf6
0-1

[Event "aut_ychg12 Deutschlandsberg"]
[Site "Deutschlandsberg, Laßnitzhaus"]
[Date "2006.??.??"]
[Round "6.6"]
[White "Boehm, Beatrice"]
[Black "Gerhold, Doris"]
[Result "0-1"]
[WhiteElo "1200"]
[BlackElo "1511"]
[PlyCount "66"]
[EventDate "2006.06.03"]

1. e4 e5 2. Nc3 Nf6 3. Nf3 Nc6 4. d4 d6 5. Be3 exd4 6. Nxd4 Be7 7. Nxc6 bxc6 8.
Bc4 Be6 9. Qe2 O-O 10. O-O d5 11. Rad1 Qb8 12. exd5 cxd5 13. Nxd5 Nxd5 14. Bxd5
Bxd5 15. Rxd5 Qxb2 16. Ra5 Bd6 17. g3 Rfe8 18. Rb5 Qxa2 19. Re1 a6 20. Rb7 Reb8
21. Rxb8+ Rxb8 22. Bd4 h6 23. Bc3 a5 24. Qe4 Bb4 25. Bd4 Bxe1 26. Qe5 Bxf2+ 27.
Kxf2 Qxc2+ 28. Kf3 Rb3+ 29. Kf4 Qg6 30. h4 Qd6 31. Ke4 Qxe5+ 32. Bxe5 Rb4+ 33.
Bd4 c5 0-1

[Event "aut_ychg14 Deutschlandsberg"]
[Site "Deutschlandsberg, Laßnitzhaus"]
[Date "2006.??.??"]
[Round "6.1"]
[White "Steininger, Sandra"]
[Black "Newrkla, Katharina"]
[Result "1/2-1/2"]
[WhiteElo "1631"]
[BlackElo "1700"]
[PlyCount "61"]
[EventDate "2006.06.03"]

1. d4 Nf6 2. c4 g6 3. Nc3 Bg7 4. e4 d6 5. Nf3 O-O 6. Be2 e5 7. Be3 Nc6 8. d5
Ne7 9. Nd2 Ne8 10. O-O f5 11. f3 f4 12. Bf2 g5 13. c5 Ng6 14. Rc1 Rf7 15. cxd6
cxd6 16. Nb5 a6 17. Na3 Nf6 18. Nac4 Bf8 19. Nb6 Rb8 20. Nxc8 Rxc8 21. Rxc8
Qxc8 22. Qc1 Rc7 23. Qb1 Nd7 24. Nb3 Be7 25. Rc1 Bd8 26. Rxc7 Qxc7 27. Qc1
Qxc1+ 28. Nxc1 Kf7 29. Kf1 Ke7 30. Nb3 Bc7 31. Ke1 1/2-1/2

[Event "aut_ychg14 Deutschlandsberg"]
[Site "Deutschlandsberg, Laßnitzhaus"]
[Date "2006.??.??"]
[Round "6.2"]
[White "Bauer, Marie-Christine"]
[Black "Anker, Christin"]
[Result "1-0"]
[WhiteElo "1510"]
[BlackElo "1364"]
[PlyCount "69"]
[EventDate "2006.06.03"]

1. e4 e5 2. Nf3 Nc6 3. d4 exd4 4. Nxd4 Bc5 5. Be3 Qf6 6. c3 Nge7 7. g3 Nxd4 8.
Bxd4 Bxd4 9. Qxd4 Qf3 10. Rg1 O-O 11. Bg2 Qh5 12. h4 Re8 13. Nd2 d5 14. Bf3 Qg6
15. O-O-O dxe4 16. Bxe4 Qb6 17. Qxb6 axb6 18. a3 Nc6 19. Rge1 Be6 20. Re3 Rad8
21. Rde1 Re7 22. f4 Rde8 23. Bxc6 bxc6 24. f5 Kf8 25. fxe6 Rxe6 26. Rxe6 Rxe6
27. Rxe6 fxe6 28. Nf3 Kf7 29. Kd2 Kf6 30. g4 c5 31. b3 h6 32. Ke3 g5 33. hxg5+
hxg5 34. Ke4 c6 35. Ne5 1-0

[Event "aut_ychg14 Deutschlandsberg"]
[Site "Deutschlandsberg, Laßnitzhaus"]
[Date "2006.??.??"]
[Round "6.3"]
[White "Wunderl, Eva"]
[Black "Konrad, Jasmin"]
[Result "1/2-1/2"]
[WhiteElo "1267"]
[BlackElo "1471"]
[PlyCount "61"]
[EventDate "2006.06.03"]

1. e4 e5 2. Nf3 Nc6 3. Nc3 Bc5 4. Bb5 Nf6 5. d3 Nd4 6. Nxe5 Nxb5 7. Nxb5 d6 8.
Nf3 O-O 9. O-O c6 10. Nc3 Be6 11. d4 Bb4 12. Qe2 Bxc3 13. bxc3 d5 14. e5 Ne4
15. Qe3 f6 16. Nd2 Nxd2 17. Bxd2 Qe7 18. Rfe1 Rae8 19. f3 Qf7 20. Rab1 b6 21.
Qd3 fxe5 22. Rxe5 Bc8 23. Qe3 Rxe5 24. Qxe5 Re8 25. Qd6 Qd7 26. Qxd7 Bxd7 27.
Kf2 Bf5 28. Rc1 Kf7 29. g4 Bg6 30. h4 h6 31. f4 1/2-1/2

[Event "aut_ychg14 Deutschlandsberg"]
[Site "Deutschlandsberg, Laßnitzhaus"]
[Date "2006.??.??"]
[Round "6.6"]
[White "Vergeiner, Sandra"]
[Black "Windhager, Vanessa"]
[Result "1/2-1/2"]
[WhiteElo "1368"]
[BlackElo "1200"]
[PlyCount "60"]
[EventDate "2006.06.03"]

1. e4 e5 2. Nf3 Nc6 3. Nc3 Nf6 4. d4 exd4 5. Nxd4 Nxd4 6. Qxd4 d6 7. Nd5 Nxd5
8. Qxd5 c6 9. Qc4 d5 10. exd5 Qxd5 11. Qxd5 cxd5 12. c4 Be6 13. b3 dxc4 14.
Bxc4 Bxc4 15. bxc4 Bb4+ 16. Bd2 Bxd2+ 17. Kxd2 Rc8 18. Rac1 Kd7 19. Kd3 Kd6 20.
Kd4 Rc6 21. Rc3 Re8 22. c5+ Kd7 23. Kd5 b6 24. Rd1 Rec8 25. Rdc1 bxc5 26. Rxc5
Rxc5+ 27. Rxc5 Rxc5+ 28. Kxc5 Kc7 29. Kb5 Kb7 30. a4 a6+ 1/2-1/2

[Event "aut_ychb12 Deutschlandsberg"]
[Site "Deutschlandsberg, Laßnitzhaus"]
[Date "2006.??.??"]
[Round "7.1"]
[White "Schnegg, Martin"]
[Black "Kessler, Luca"]
[Result "0-1"]
[WhiteElo "1747"]
[BlackElo "1663"]
[PlyCount "70"]
[EventDate "2006.06.03"]

1. f4 d5 2. Nf3 c5 3. e3 Nc6 4. d4 Nf6 5. c3 e6 6. Bd3 c4 7. Bc2 Bd6 8. O-O O-O
9. Ne5 Ne7 10. g4 Nd7 11. Rf3 Bxe5 12. dxe5 Ng6 13. b4 b6 14. e4 Bb7 15. Nd2
Qh4 16. h3 Nxf4 17. Kh2 Ng6 18. Nxc4 dxe4 19. Rg3 Ndxe5 20. Nxe5 Nxe5 21. Bf4
Nf3+ 22. Kg2 Qf6 23. Be3 Qxc3 24. Kf2 Rfd8 25. Qb1 a5 26. Bxe4 Bxe4 27. Qxe4
Qxa1 28. Rxf3 Qxa2+ 29. Kg3 Qd5 30. Qxd5 Rxd5 31. Bxb6 axb4 32. Kf4 Rb5 33. Bd4
f6 34. Re3 e5+ 35. Bxe5 fxe5+ 0-1

[Event "aut_ychb12 Deutschlandsberg"]
[Site "Deutschlandsberg, Laßnitzhaus"]
[Date "2006.??.??"]
[Round "7.2"]
[White "Posch, Florian"]
[Black "Wertjanz, David"]
[Result "0-1"]
[WhiteElo "1396"]
[BlackElo "1743"]
[PlyCount "106"]
[EventDate "2006.06.03"]

1. e4 c5 2. Nf3 d6 3. d4 cxd4 4. Nxd4 Nf6 5. Nc3 a6 6. Bc4 e6 7. Bg5 Be7 8. Qd2
h6 9. Bh4 b5 10. Bb3 b4 11. Nce2 Nxe4 12. Bxe7 Nxd2 13. Bxd8 Nxb3 14. Nxb3 Kxd8
15. Rd1 Ke7 16. Ned4 e5 17. Ne2 Nc6 18. f4 f6 19. O-O Bg4 20. Rd2 Bxe2 21. Rxe2
Rhf8 22. Rd1 Rad8 23. Nd4 Nxd4 24. Rxd4 Rb8 25. Rd5 Rfd8 26. Kf2 Ke6 27. Rd3
Rb6 28. Red2 exf4 29. Kf3 g5 30. Re2+ Kf7 31. c4 Rc6 32. Rd4 Re8 33. Red2 Re6
34. Kg4 Kg6 35. b3 Re3 36. g3 fxg3 37. hxg3 h5+ 38. Kh3 Re6 39. Rd5 f5 40. Rf2
Re5 41. Rd1 Kf6 42. Rg1 d5 43. cxd5 Rxd5 44. g4 Rd3+ 45. Kh2 hxg4 46. Rxg4 Rdc3
47. Rxb4 Rc2 48. Kg2 Rxf2+ 49. Kxf2 Rc2+ 50. Kf3 Rxa2 51. Rc4 g4+ 52. Kf4 Rf2+
53. Kg3 Rf3+ 0-1

[Event "aut_ychb12 Deutschlandsberg"]
[Site "Deutschlandsberg, Laßnitzhaus"]
[Date "2006.??.??"]
[Round "7.3"]
[White "Kammerer, Gernot"]
[Black "Klocker, Elias"]
[Result "1-0"]
[WhiteElo "1626"]
[BlackElo "1539"]
[PlyCount "46"]
[EventDate "2006.06.03"]

1. e4 e5 2. Nf3 Nc6 3. Nc3 Nf6 4. d4 exd4 5. Nxd4 Bb4 6. Nxc6 bxc6 7. Bd3 d5 8.
exd5 cxd5 9. O-O O-O 10. Bg5 c6 11. Qf3 Be7 12. h3 Re8 13. Rfe1 Rb8 14. b3 Be6
15. Ne2 Bc8 16. Nd4 Qc7 17. Bxf6 gxf6 18. Qh5 f5 19. Nxf5 Bxf5 20. Qxf5 f6 21.
Qxh7+ Kf8 22. Qh8+ Kf7 23. Qh7+ Kf8 1-0

[Event "aut_ychb12 Deutschlandsberg"]
[Site "Deutschlandsberg, Laßnitzhaus"]
[Date "2006.??.??"]
[Round "7.4"]
[White "Liao, Kevin"]
[Black "Handler, Lukas"]
[Result "1/2-1/2"]
[WhiteElo "1525"]
[BlackElo "1444"]
[PlyCount "92"]
[EventDate "2006.06.03"]

1. Nf3 Nf6 2. b3 d5 3. Bb2 c6 4. g3 g6 5. Bg2 Bg7 6. O-O O-O 7. d3 Bg4 8. Nbd2
Nbd7 9. c4 Re8 10. Rc1 Rc8 11. Ne5 Nxe5 12. Bxe5 Nd7 13. Bxg7 Kxg7 14. cxd5
cxd5 15. Bxd5 Nc5 16. Bg2 Nxd3 17. Rxc8 Qxc8 18. h3 Bxh3 19. exd3 Bxg2 20. Kxg2
Rd8 21. Nc4 b5 22. Ne3 Qc3 23. Qa1 Qxa1 24. Rxa1 Rxd3 25. Rd1 Rxd1 26. Nxd1 e5
27. Nc3 a6 28. Nd5 a5 29. Nc7 b4 30. Kf3 f5 31. Ke3 Kf6 32. Nd5+ Ke6 33. Nc7+
Kd6 34. Ne8+ Ke7 35. Nc7 Kd6 36. Nb5+ Kc6 37. Na7+ Kb6 38. Nc8+ Kc7 39. Ne7 Kd6
40. Ng8 Ke6 41. Nh6 Kf6 42. g4 Kg5 43. Nf7+ Kxg4 44. Nxe5+ Kg5 45. Nc6 Kg4 46.
Ne5+ Kg5 1/2-1/2

[Event "aut_ychb12 Deutschlandsberg"]
[Site "Deutschlandsberg, Laßnitzhaus"]
[Date "2006.??.??"]
[Round "7.5"]
[White "Riemelmoser, Markus"]
[Black "Duan, Felix"]
[Result "1-0"]
[WhiteElo "1505"]
[BlackElo "1372"]
[PlyCount "89"]
[EventDate "2006.06.03"]

1. c4 Nf6 2. Nc3 e5 3. Nf3 Nc6 4. g3 a6 5. Bg2 Bb4 6. O-O O-O 7. d3 Re8 8. Bd2
d6 9. a3 Ba5 10. Rb1 Rb8 11. b4 Bb6 12. Re1 Be6 13. Qc2 Qd7 14. Na4 Ba7 15. c5
b5 16. cxb6 Bxb6 17. Nxb6 Rxb6 18. Be3 Rbb8 19. Ng5 Nd8 20. Nxe6 fxe6 21. Rec1
Re7 22. d4 exd4 23. Bxd4 e5 24. Be3 Ne6 25. Qc6 Qxc6 26. Rxc6 a5 27. b5 Ng4 28.
Bd5 Nxe3 29. Bxe6+ Rxe6 30. fxe3 Rb7 31. Ra6 Re8 32. Rxa5 Reb8 33. a4 Kf7 34.
Kf2 Ke6 35. Rd1 d5 36. Ra6+ Rb6 37. Rxb6+ cxb6 38. Rc1 Rf8+ 39. Ke1 Kf5 40. Rc6
Ra8 41. Rxb6 Rxa4 42. Kf2 g5 43. Ra6 Rb4 44. Rb6 g4 45. Rb8 {
Ab hier unleserlich!} 1-0

[Event "aut_ychb12 Deutschlandsberg"]
[Site "Deutschlandsberg, Laßnitzhaus"]
[Date "2006.??.??"]
[Round "7.6"]
[White "Dalnodar, Bernhard"]
[Black "Steiner, Lucia"]
[Result "1-0"]
[WhiteElo "1620"]
[BlackElo "1403"]
[PlyCount "77"]
[EventDate "2006.06.03"]

1. Nf3 Nc6 2. d4 d5 3. c4 dxc4 4. Nc3 Nf6 5. Bf4 Bf5 6. e3 e6 7. Bxc4 Bb4 8.
Bg5 O-O 9. O-O h6 10. Bh4 Be7 11. Rc1 a6 12. Re1 b5 13. Bd3 Bh7 14. a3 Nd7 15.
Bg3 Nb6 16. Nxb5 axb5 17. Bxh7+ Kxh7 18. Qc2+ Kg8 19. Qxc6 Bd6 20. Bxd6 cxd6
21. Qxb5 Rb8 22. Qe2 d5 23. Ne5 Nc4 24. Nc6 Qd6 25. Nxb8 Rxb8 26. Rc2 Qe7 27.
e4 Qa7 28. Rd1 Nd6 29. exd5 exd5 30. Qe5 Nc4 31. Qxd5 Nxb2 32. Rdc1 Qe7 33. Qe5
Qd7 34. Qxb8+ Kh7 35. Qxb2 Qe6 36. Qa2 Qg6 37. Rc7 f6 38. Qc2 Qxc2 39. R1xc2
1-0

[Event "aut_ychb12 Deutschlandsberg"]
[Site "Deutschlandsberg, Laßnitzhaus"]
[Date "2006.??.??"]
[Round "7.7"]
[White "Buchner, Gernot"]
[Black "Stolzlechner, Andreas"]
[Result "1-0"]
[WhiteElo "1499"]
[BlackElo "1534"]
[PlyCount "37"]
[EventDate "2006.06.03"]

1. e4 e5 2. Nf3 Nc6 3. Bc4 Nf6 4. Ng5 d5 5. exd5 Na5 6. Bb5+ Bd7 7. Bxd7+ Qxd7
8. d3 Qxd5 9. O-O Bc5 10. a3 Nc6 11. Nc3 Qd7 12. Nge4 Nxe4 13. Nxe4 Bb6 14. Re1
O-O 15. Be3 Rfe8 16. Bxb6 cxb6 17. Re3 Rac8 18. Rg3 Nd4 19. Nf6+ 1-0

[Event "aut_ychb12 Deutschlandsberg"]
[Site "Deutschlandsberg, Laßnitzhaus"]
[Date "2006.??.??"]
[Round "7.8"]
[White "Pilsan, Aaron"]
[Black "Cortolezis, Leander"]
[Result "0-1"]
[WhiteElo "1459"]
[BlackElo "1523"]
[PlyCount "44"]
[EventDate "2006.06.03"]

1. e4 c5 2. Nf3 Nc6 3. d4 cxd4 4. Nxd4 Nf6 5. Nc3 g6 6. Be3 Bg7 7. f3 O-O 8.
Qd2 d6 9. O-O-O Bd7 10. Bd3 a6 11. h4 b5 12. g4 b4 13. Nce2 a5 14. Bh6 Qb6 15.
Nxc6 Qxc6 16. Ng3 Rfb8 17. h5 b3 18. Kb1 bxa2+ 19. Ka1 Nxe4 20. Qg2 Bxb2+ 21.
Kxa2 Qa4+ 22. Kb1 Qa1# 0-1

[Event "aut_ychb12 Deutschlandsberg"]
[Site "Deutschlandsberg, Laßnitzhaus"]
[Date "2006.??.??"]
[Round "7.9"]
[White "Ly, Daniel"]
[Black "Strantz, Joerg"]
[Result "0-1"]
[WhiteElo "1504"]
[BlackElo "1375"]
[PlyCount "114"]
[EventDate "2006.06.03"]

1. d4 d5 2. c4 e6 3. Nf3 Nf6 4. g3 Bb4+ 5. Bd2 Be7 6. Bg2 c6 7. O-O O-O 8. Qc2
Nbd7 9. Bc3 b6 10. Nbd2 Bb7 11. Rfe1 dxc4 12. Nxc4 c5 13. Rac1 Rc8 14. Qb3 Bd5
15. Nfd2 Bxg2 16. Kxg2 h6 17. e4 Re8 18. Rcd1 Qc7 19. Na3 Qb7 20. Re2 a6 21.
Nc2 b5 22. a3 c4 23. Qa2 Red8 24. Kg1 Kf8 25. Rde1 Nb6 26. Nf3 Rd7 27. Ne5 Rdd8
28. Qb1 Nfd7 29. Ba5 Re8 30. Nxd7+ Nxd7 31. Qd1 Bd8 32. Bb4+ Be7 33. d5 Bxb4
34. Nxb4 Nb8 35. Rd2 exd5 36. Rxd5 a5 37. Na2 Nc6 38. Rd7 Qb8 39. f4 Rcd8 40.
Kf2 Qb6+ 41. Kf3 Nd4+ 42. Rxd4 Qxd4 43. Qxd4 Rxd4 44. Re2 Rb8 45. e5 Ke7 46.
Ke3 Rd3+ 47. Kf2 f6 48. exf6+ Kxf6 49. Nc1 Rd6 50. Re5 Rd2+ 51. Re2 Rxe2+ 52.
Kxe2 Kf5 53. Kf3 Rd8 54. g4+ Kf6 55. Ke2 g5 56. fxg5+ Kxg5 57. h3 Kh4 0-1